| 000 | 01237nam a22002777a 4500 | ||
|---|---|---|---|
| 001 | 8670 | ||
| 003 | FISKH | ||
| 005 | 20251009103445.0 | ||
| 008 | 251009b cb ||||| |||| 00| 0 eng d | ||
| 040 |
_aFISKH _bkhr _cFISKH _dFISKH |
||
| 050 | _aPZ7 | ||
| 082 | _a618.9285882 | ||
| 100 | _aMinistry of Education, Youth and Sport | ||
| 245 |
_aក្មេងរពឹស / _cក្រសួងអប់រំ យុវជន និងកីឡា |
||
| 260 |
_aPhnom Penh : _bBelgian Development Cooperation , _c2009. |
||
| 300 |
_a16 pages : _bcolor illustrations ; _c25 cm . |
||
| 505 | _aK | ||
| 520 | _aម៉ាងមានកម្លាំងខ្លាំង ហើយគាត់បានធ្វើអោយកែក្លាំជ័រហើយតែងតែភ្លេចនូវអ្វីដែលម្តាយវាប្រាប់អោយធ្វើ ។ | ||
| 520 | _aMang was so energetic that broke the wash basin and he often forgot his stuff or works that his mother assigned for him. | ||
| 521 | 8 |
_a510
_bLexile estimate |
|
| 521 | 8 |
_aK
_bRaz-Plus |
|
| 650 | _aក្មេងរពឹស | ||
| 650 | _a Energetic child | ||
| 942 |
_2ddc _cKHB _n0 |
||
| 999 |
_c8670 _d8670 |
||